000 00510nam a2200193 a 4500
001 13994
003 CO-ViMGA
008 141112s2004 ck r 000 u spa d
020 _a8479021616
040 _aCO-ViMGA
_bspa
_cCO-ViMGA
082 0 4 _a796.352 E57c
100 1 _aEls, Ernie
_920439
245 1 0 _aComo desarrollar un swing de golf clasico
260 _aMadrid :
_bTutor,
_c1996
300 _a144p.
590 _aForma de adquisición : Compra
650 1 4 _aGOLF - ENSEÑANZA
_920440
942 _2ddc
_cBK
999 _c24695
_d24695